000 00397nam a2200133Ia 4500
008 230917s9999||||xx |||||||||||||| ||und||
040 _e101441
_aMAIN
041 _aEnglish
082 _a570 C345S
100 _aChadha, Narinder Kumar
245 0 _aStudies on growth-out practices of fin fishes and shell fishes using inland saline soils and ground saline water
300 _a140 p.
942 _cTH
999 _c88917
_d88917